000 01454nam0a22002651 4500
001 rc\4554047
005 20260408112812.0
021 _aRU
_b[65-84795]
035 _a(NLR Aleph) 008643350
090 _a8956291
_c8956291
100 _a20130416d1965 |||y0rusy50 ca
101 0 _arus
102 _aRU
105 _ay z |||||
200 1 _aМатериалы к Научной сессии по проблеме сердечно-сосудистой патологии (этиология, патогенез, клиника, лечение, профилактика), посвященной 80-летию института. 26-28 октября 1965 г.
_fМ-во здравоохранения РСФСР. Ленингр. гос. ордена Ленина ин-т усовершенствования врачей им. С.М. Кирова
210 _aЛенинград
_cБ. и.
_d1965
215 _a90 с.
_d20
606 _aСердечно-сосудистая система
_xПатология
_jСборники
_2psbo
710 0 2 _aЛенинградский институт усовершенствования врачей им. С. М. Кирова
_bНаучная сессия по вопросам сердечно-сосудистой патологии
_f1965
_3RU\NLR\AUTH\880361925
_9390880
801 0 _aRU
_bNLR
_gpsbo
801 1 _aRU
_bELAR
_2rusmarc
852 _aNLR
_j65-4/17477
942 _cBOOK
980 _aNB